000 00548nam a2200181Ia 4500
003 GCL
008 140319s9999 xx 000 0 ara d
040 _aGCL /
_cGCL
082 0 4 _a390.508
_bص ا
100 1 _aصفوت كمال
245 1 0 _aمن عادات وتقاليد الزواج فى الكويت (هدية من الاديب عبدالفتاح الجمل) /
_cصفوت كمال
300 _a120 ص
490 _a
650 0 4 _aالعادات والتقاليد
650 0 4 _aالزواج
650 0 4 _aالخطبة
942 _2ddc
_cBK
999 _c38208
_d38208